Statistics for Better Call Saul Trivia #S

Click here to take the quiz!

General Stats

  • This quiz has been taken 20 times
  • The average score is 9 of 15

Answer Stats

HintAnswer% Correct
Cartel familiySalamanca
100%
Jimmys aliasSaul
100%
Hector suffers a __stroke
93%
Kims actressRhea Seehorn
86%
Retirement home chain scamming their clientsSandpiper Crossing
86%
" He defecated trough a __" -ChuckSunroof
64%
Very last episode of the serieSaul Gone
57%
Kims boss and CEO of a law firmSchweikart
50%
Chucks sees his brother as this personaSlippin' Jimmy
50%
Mikes daughter-in-lawStacey
50%
Mike was a __ back in the Vietnam War.Sniper
36%
What you call someone sitting in pies while cryingSquat Cobbler
36%
Jimmy and Mike often argue about __ in early seasonsStickers
36%
Mike is hired at Madrigal as a __ __Security consultant
21%
Film crew memberSherry
14%

Score Distribution

Percentile by Number Answered

Percent of People with Each Score

Your Score History

You have not taken this quiz